|
|
|
|
| LEADER |
01470nam a2200385Ia 4500 |
| 001 |
EBC350319 |
| 003 |
MiAaPQ |
| 005 |
20200520144314.0 |
| 006 |
m o d | |
| 007 |
cr cn||||||||| |
| 008 |
080215s2008 enk s 001 0 eng d |
| 010 |
|
|
|z 2008006737
|
| 020 |
|
|
|z 9781843106487
|
| 020 |
|
|
|z 1843106485
|
| 035 |
|
|
|a (MiAaPQ)EBC350319
|
| 035 |
|
|
|a (Au-PeEL)EBL350319
|
| 035 |
|
|
|a (CaPaEBR)ebr10251456
|
| 035 |
|
|
|a (CaONFJC)MIL178208
|
| 035 |
|
|
|a (OCoLC)437213820
|
| 040 |
|
|
|a MiAaPQ
|c MiAaPQ
|d MiAaPQ
|
| 050 |
|
4 |
|a RC553.A88
|b A4885 2008
|
| 245 |
0 |
0 |
|a Asperger syndrome and employment
|h [electronic resource] :
|b adults speak out about Asperger syndrome /
|c edited by Genevieve Edmonds and Luke Beardon.
|
| 260 |
|
|
|a London ;
|a Philadelphia :
|b Jessica Kingsley Publishers,
|c 2008.
|
| 300 |
|
|
|a 176 p.
|
| 490 |
1 |
|
|a Adults speak out about Asperger syndrome series
|
| 500 |
|
|
|a Includes index.
|
| 533 |
|
|
|a Electronic reproduction. Ann Arbor, MI : ProQuest, 2015. Available via World Wide Web. Access may be limited to ProQuest affiliated libraries.
|
| 650 |
|
0 |
|a Asperger's syndrome
|x Patients
|x Employment.
|
| 650 |
|
0 |
|a Psychology, Pathological.
|
| 655 |
|
4 |
|a Electronic books.
|
| 700 |
1 |
|
|a Edmonds, Genevieve.
|
| 700 |
1 |
|
|a Beardon, Luke.
|
| 710 |
2 |
|
|a ProQuest (Firm)
|
| 830 |
|
0 |
|a Adults speak out about Asperger syndrome series.
|
| 856 |
4 |
0 |
|u https://ebookcentral.proquest.com/lib/matrademy/detail.action?docID=350319
|z Click to View
|